Fundamentos de mercadotecnia (Registro nro. 2921)

Detalles MARC
000 -LEADER
fixed length control field 02302 a2200253 4500
001 - CONTROL NUMBER
control field 38729
005 - DATE AND TIME OF LATEST TRANSACTION
control field 20260407155648.0
008 - FIXED-LENGTH DATA ELEMENTS--GENERAL INFORMATION
fixed length control field 260407a1989 arg spa d
003 - CONTROL NUMBER IDENTIFIER
control field AR-UNSa-BCEJYS
040 ## - CATALOGING SOURCE
Original cataloging agency AR-UNSa-BCEJYS
Language of cataloging spa
Transcribing agency AR-UNSa-BCEJYS
080 ## - UNIVERSAL DECIMAL CLASSIFICATION NUMBER
Universal Decimal Classification number 658.8
Common auxiliary subdivision Organización de mercados. Marketing. Ventas. Distribución
020 ## - INTERNATIONAL STANDARD BOOK NUMBER
International Standard Book Number 968-422-279-3
100 1# - MAIN ENTRY--PERSONAL NAME
Personal name Rosas Sánchez, Maria Elena
245 10 - TITLE STATEMENT
Title Fundamentos de mercadotecnia
250 ## - EDITION STATEMENT
Edition statement 4a. ed.
264 #1 - PRODUCTION, PUBLICATION, DISTRIBUTION, MANUFACTURE, AND COPYRIGHT NOTICE
Place of production, publication, distribution, manufacture México :
Name of producer, publisher, distributor, manufacturer McGraw-Hill
Date of production, publication, distribution, manufacture, or copyright notice 1989
300 ## - PHYSICAL DESCRIPTION
Extent 732 p.
Dimensions 24 cm.
505 ## - FORMATTED CONTENTS NOTE
Formatted contents note Parte I: La mercadotecnia moderna y su ambiente: 1. El campo de la mercadotecnia - 2. Ambiente de la mercadotecnia - 3. Planeación estratégica de la mercadotecnia - 4. Sitemas de información de mercadotecnia e investigación de mercados - Parte II: Mercados meta: 5. Demografía del mercado y poder adquisitivo - 6. Influencias psicologícas y del grupo social en el comportamiento del comprador - 7. El mercado industrial - 8. Segmentación del mercado y pronóstico de la demanda de mercado - Parte III: 9. Planeación y dearrollo del producto - 10. Estrategias de la mezcla de productos - 11. Marcas, empaque y otras características del producto - Parte IV: El precio: 12. Determinación del precio - 13. Estrategias y políticas de precios - Parte V: Distribución: 14. Comercio al menudeo: mercado e instituciones - 15. Comercio al mayoreo: mercados e instituciones - 16. Canales de distribución: conflicto, cooperación y administración - 17. Administración de la distribución física - Parte VI: Mercadotecnia en areas especiales: 18. El programa promocional - 19. Administración de la venta personal - 20. Administración de la publicidad, la promoción de ventas y la publicidad no pagada - Parte VII: Mercadotecnia en áreas especiales: 21. Mercdotecnia de servicios - 22. Mercadotecnia social en las orgnizaciones no lucrativas - 23. Mercadotecnia internacional - Parte VIII: Realización y evaluación del esfuerzo de mercdotecnia: 24. Realización de la mercadotecnia y evaluación del desempeño - 25. Mercadotecnia: evaluación social y perspectiva.
590 ## - LOCAL NOTE (RLIN)
Local note niveau_biblio:m niveau_hierar:0
700 1# - ADDED ENTRY--PERSONAL NAME
Personal name Stanton, William J.
700 1# - ADDED ENTRY--PERSONAL NAME
Personal name Futrell, Charles
700 1# - ADDED ENTRY--PERSONAL NAME
Personal name Benassini Félix, Marcela
942 ## - ADDED ENTRY ELEMENTS (KOHA)
Koha item type
Existencias
Withdrawn status Lost status Damaged status Not for loan Home library Current library Shelving location Date acquired Total checkouts Full call number Barcode Date last seen Price effective from Koha item type
        Biblioteca Prof. Eusebio Cleto del Rey Biblioteca Prof. Eusebio Cleto del Rey   07/04/2026   658.8 S792 4ed. L53797 07/04/2026 07/04/2026 Libro
        Biblioteca Prof. Eusebio Cleto del Rey Biblioteca Prof. Eusebio Cleto del Rey   07/04/2026   658.8 S792 4ed. L53640 07/04/2026 07/04/2026 Libro
        Biblioteca Prof. Eusebio Cleto del Rey Biblioteca Prof. Eusebio Cleto del Rey   07/04/2026   658.8 S792 4ed. L53641 07/04/2026 07/04/2026 Libro
        Biblioteca Prof. Eusebio Cleto del Rey Biblioteca Prof. Eusebio Cleto del Rey   07/04/2026   658.8 S792 4ed. L53642 07/04/2026 07/04/2026 Libro
        Biblioteca Prof. Eusebio Cleto del Rey Biblioteca Prof. Eusebio Cleto del Rey   07/04/2026   658.8 S792 4ed. L53643 07/04/2026 07/04/2026 Libro
        Biblioteca Prof. Eusebio Cleto del Rey Biblioteca Prof. Eusebio Cleto del Rey   07/04/2026   658.8 S792 4ed. L53644 07/04/2026 07/04/2026 Libro
        Biblioteca Prof. Eusebio Cleto del Rey Biblioteca Prof. Eusebio Cleto del Rey   07/04/2026   658.8 S792 4ed. L53645 07/04/2026 07/04/2026 Libro
        Biblioteca Prof. Eusebio Cleto del Rey Biblioteca Prof. Eusebio Cleto del Rey   07/04/2026   658.8 S792 4ed. L53795 07/04/2026 07/04/2026 Libro
        Biblioteca Prof. Eusebio Cleto del Rey Biblioteca Prof. Eusebio Cleto del Rey   07/04/2026   658.8 S792 4ed. L53796 07/04/2026 07/04/2026 Libro